• 首页
  • 本馆介绍
  • 公告通知
  • 最新文献
  • 馆藏检索
  • 电子资源
  • 读者导购
  • 参考咨询
  • 我的图书馆
  • 登录
  • 详细信息显示
  • 放入我的书架
  • 预约/预借图书
  • 作者相关作品
  • 分类相关作品
  • 丛书相关作品
  • 出版社相关作品

书目信息

  • 表格格式
  • 工作单格式
  • 卡片格式
题名:
社会主义核心价值观与人文素养
    
 
作者: 赵建磊 , 许可 , 吴丽萍 主编
分册:  
出版信息: 北京   中国书籍出版社  2016
页数: 233页
开本: 26cm
丛书名:
单 册:
中图分类: D616 , G40-012
科图分类:
主题词: 社会主义建设--价值论--中国 , 人文素质教育--中国
电子资源:
ISBN: 978-7-5068-5437-5
000 00996nam0 2200277 45
001 012001004058
005 20140928162348.0
010    @a978-7-5068-5437-5@dCNY36.00
100    @a20180826d2016 em y0chiy50 ea
101 0  @achi
102    @aCN@b110000
105    @ay z 000yy
106    @ar
200 1  @a社会主义核心价值观与人文素养@9she hui zhu yi he xin jia zhi guan yu ren wen su yang@f赵建磊, 许可, 吴丽萍主编
210    @a北京@c中国书籍出版社@d2016
215    @a233页@d26cm
330    @a本书共上、中、下三篇,分别对应社会主义核心价值观的国家、社会、个人三个层面。每一篇均设置学习焦点、典型问题、学习情境、学习链接、习练项目五大模块。
606 0  @a社会主义建设@x价值论@y中国
606 0  @a人文素质教育@y中国
690    @aD616@v5
690    @aG40-012@v5
701  0 @a赵建磊@9zhao jian lei@c(职业教育)@4主编
701  0 @a许可@9xu ke@c(教育)@4主编
701  0 @a吴丽萍@9wu li ping@c(女,@f1971~)@4主编
801  0 @aCN@b上海新华@c20180901
905    @b1165586-90@dD616@e238@f5
    
    社会主义核心价值观与人文素养/赵建磊, 许可, 吴丽萍主编.-北京:中国书籍出版社,2016
    233页;26cm
    
    
    ISBN 978-7-5068-5437-5:CNY36.00
    本书共上、中、下三篇,分别对应社会主义核心价值观的国家、社会、个人三个层面。每一篇均设置学习焦点、典型问题、学习情境、学习链接、习练项目五大模块。
●
相关链接 在E读中查询图书 在五车中查询图书 在当当中查询图书 在豆瓣中查询图书


正题名:社会主义核心价值观与人文素养     索取号:D616/238         预约/预借

序号 登录号 条形码 馆藏地/架位号 状态 备注
1 1165586   211655868   第一样本阅览室/ [索取号:D616/238] 在馆    
2 1165587   211655877   第一借阅区/ [索取号:D616/238] 在馆    
3 1165588   211655886   第一借阅区/ [索取号:D616/238] 在馆    
4 1165589   211655895   第一借阅区/ [索取号:D616/238] 在馆    
5 1165590   211655902   密集书库-史法系/ [索取号:D616/238] 在馆    
唐山师范学院图书馆 欢迎您!
大连网信软件有限公司© 版权所有